| 000 | 02204cam a22005774i 4500 | ||
|---|---|---|---|
| 003 | PE-LiUPU | ||
| 005 | 20250731184536.0 | ||
| 008 | 150706s2016 sp a rb 001 0 spa d | ||
| 020 | _a9786123171896 | ||
| 035 | _a(Sirsi) a240117 | ||
| 040 |
_aPE-LiUPU _bspa _cPE-LiUPU _erda |
||
| 041 | 1 |
_aspa _heng |
|
| 049 | _aPRUA | ||
| 082 | 0 | 4 |
_a985.017 _bP87 _220 |
| 100 | 1 |
_aProtzen, Jean Pierre, _eautor. |
|
| 245 | 1 | 4 |
_aLas piedras de Tiahuanaco : _barquitectura y construcción de un centro megalítico andino / _cJean-Pierre Protzen, Stella Nair. |
| 250 | _aPrimera edición. | ||
| 264 | 1 |
_aLima : _bPontificia Universidad Católica del Perú, _c2016. |
|
| 300 |
_a381 páginas : _bilustraciones ; _c24 centímetros |
||
| 336 |
_atext _2rdacontent |
||
| 337 |
_aunmediated _2rdamedia |
||
| 338 |
_avolume _2rdacarrier |
||
| 504 | _aBibliografía : páginas 359-367. | ||
| 504 | _aÍndice : páginas 369-381. | ||
| 505 | 0 | _aEl sitio y su arquitectura -- El sitio -- Los monumentos principales -- Diseño y construcción -- Diseño -- Configuraciones arquitectónicas -- El arte de cortar piedras -- Construcción -- Conclusión. | |
| 526 | _aP136 | ||
| 526 | _aP135 | ||
| 526 | _aP134 | ||
| 526 | _aP133 | ||
| 526 | _aP144 | ||
| 526 | _aP143 | ||
| 526 | _aP87 | ||
| 526 | _aP35 | ||
| 526 | _aP20 | ||
| 526 | _aP14 | ||
| 526 | _aP10 | ||
| 526 | _aP06 | ||
| 526 | 8 |
_iPrograma académico : _5PE-LiUPU |
|
| 534 |
_pTítulo original : _tThe stones of Tiahuanaco: a study of architecture and construction. |
||
| 541 | _g003-001760; | ||
| 650 | 0 | 4 |
_aCultura Tiahuanaco _xAntigüedades. |
| 650 | 0 | 4 |
_aArquitectura precolombina _zPerú. |
| 650 | 0 | 4 |
_aCulture Tiahuanaco _xAntiguities. |
| 650 | 0 | 4 |
_aPre-Columbian architecture _zPerú. |
| 700 | 1 |
_aNair, Stella, _eautor. |
|
| 910 |
_adbm _bncf _cncf _d20171117 |
||
| 942 |
_2ddc _cBOOK |
||
| 994 |
_aC0 _bPEPRU |
||
| 596 | _a1 | ||
| 999 |
_a985.017 P87 _wDEWEY _c25778 _i77167 _d25778 _f2021-11-10 _g4 _lCCODEBUL1 _mBUL _p23.42 _q1 _r0 _sY _tBOOK _u2017-11-17 _xINGENIERIA _PP06 _0COMPRA _o.STAFF. Colección Ingeniería y Arquitectura |
||
| 980 |
_81 _gALBERTO SANCHEZ Responsable de Automatización |
||